<?xml version="1.0" encoding="UTF-8"?>
<record
    xmlns:xsi="http://www.w3.org/2001/XMLSchema-instance"
    xsi:schemaLocation="http://www.loc.gov/MARC21/slim http://www.loc.gov/standards/marcxml/schema/MARC21slim.xsd"
    xmlns="http://www.loc.gov/MARC21/slim">

  <leader>01530nam a2200337 a 4500</leader>
  <controlfield tag="001">    </controlfield>
  <controlfield tag="003"> </controlfield>
  <controlfield tag="005">20210804081507.0</controlfield>
  <controlfield tag="008">100812s2020    dr 000   spa d</controlfield>
  <datafield tag="020" ind1=" " ind2=" ">
    <subfield code="a">9789945613414 (v. 1)</subfield>
  </datafield>
  <datafield tag="020" ind1=" " ind2=" ">
    <subfield code="a">9789945613407 (v. 2)</subfield>
  </datafield>
  <datafield tag="020" ind1=" " ind2=" ">
    <subfield code="a">9789945613056 (v. 3)</subfield>
  </datafield>
  <datafield tag="020" ind1=" " ind2=" ">
    <subfield code="a">9789945613766 (v. 5)</subfield>
  </datafield>
  <datafield tag="040" ind1=" " ind2=" ">
    <subfield code="a">BPMSU</subfield>
    <subfield code="b">spa</subfield>
    <subfield code="c">BPMSU</subfield>
  </datafield>
  <datafield tag="082" ind1=" " ind2="4">
    <subfield code="a">027.729384</subfield>
    <subfield code="b">D637a 2020</subfield>
    <subfield code="2">22</subfield>
  </datafield>
  <datafield tag="245" ind1="0" ind2="0">
    <subfield code="a">Documentos del Archivo Real del Seibo /</subfield>
    <subfield code="c">compiladoras Perla T. Reyes D&#xED;az, Roc&#xED;o I. Devers Liriano</subfield>
  </datafield>
  <datafield tag="260" ind1=" " ind2=" ">
    <subfield code="a">Santo Domingo,</subfield>
    <subfield code="b">Archivo General de la Naci&#xF3;n ;</subfield>
    <subfield code="c">2020.</subfield>
  </datafield>
  <datafield tag="300" ind1=" " ind2=" ">
    <subfield code="a">v.</subfield>
    <subfield code="c">28 cm.</subfield>
  </datafield>
  <datafield tag="490" ind1="0" ind2=" ">
    <subfield code="a">Archivo General de la Naci&#xF3;n,</subfield>
    <subfield code="v">408</subfield>
  </datafield>
  <datafield tag="500" ind1=" " ind2=" ">
    <subfield code="a">Incluye datos biogr&#xE1;ficos de las compiladoras en la solapa de la cubierta</subfield>
  </datafield>
  <datafield tag="500" ind1=" " ind2=" ">
    <subfield code="a">La biblioteca posee el v. 5</subfield>
  </datafield>
  <datafield tag="505" ind1="1" ind2=" ">
    <subfield code="g">v. 1 :</subfield>
    <subfield code="t">Reales c&#xE9;dulas, provisiones de la real audiencia, bandos de gobernadores, actas capitulares y protocolos notariales: censos y capellan&#xED;as --</subfield>
    <subfield code="g">v. 2 :</subfield>
    <subfield code="t">Protocolos notariales: dotes y esponsales, esclavos y cartas de libertad --</subfield>
    <subfield code="g">v. 3 :</subfield>
    <subfield code="t">Testamentos y testamentar&#xED;as I --</subfield>
    <subfield code="g">v. 4 :</subfield>
    <subfield code="t">Testamentos y testamentar&#xED;as II --</subfield>
    <subfield code="g">v. 5 : </subfield>
    <subfield code="t">Tierras.</subfield>
  </datafield>
  <datafield tag="590" ind1=" " ind2=" ">
    <subfield code="a">Inventariado, 2021/VM</subfield>
  </datafield>
  <datafield tag="650" ind1=" " ind2="4">
    <subfield code="a">Archivos</subfield>
    <subfield code="z">El Seibo ( Rep&#xFA;blica Dominicana )</subfield>
    <subfield code="x">Historia </subfield>
  </datafield>
  <datafield tag="650" ind1=" " ind2="4">
    <subfield code="a">Archivos</subfield>
    <subfield code="x">Historia</subfield>
    <subfield code="v">Manuscritos.</subfield>
  </datafield>
  <datafield tag="651" ind1=" " ind2="4">
    <subfield code="a">El Seibo (Rep&#xFA;blica Dominicana)</subfield>
    <subfield code="x">Historia</subfield>
    <subfield code="v">Fuentes</subfield>
  </datafield>
  <datafield tag="700" ind1="1" ind2="2">
    <subfield code="a">Reyes D&#xED;az, Perla T.</subfield>
    <subfield code="d">1987-</subfield>
    <subfield code="e">comp.</subfield>
  </datafield>
  <datafield tag="700" ind1="1" ind2="2">
    <subfield code="a">Devers Liriano, Roc&#xED;o I.</subfield>
    <subfield code="d">1983-</subfield>
    <subfield code="e">comp.</subfield>
  </datafield>
  <datafield tag="910" ind1=" " ind2=" ">
    <subfield code="a">Vmateo V. </subfield>
  </datafield>
  <datafield tag="942" ind1=" " ind2=" ">
    <subfield code="2">ddc</subfield>
    <subfield code="c">BK</subfield>
  </datafield>
  <datafield tag="952" ind1=" " ind2=" ">
    <subfield code="0">0</subfield>
    <subfield code="1">0</subfield>
    <subfield code="2">ddc</subfield>
    <subfield code="4">0</subfield>
    <subfield code="7">0</subfield>
    <subfield code="8">CD</subfield>
    <subfield code="a">BPMET</subfield>
    <subfield code="b">BPMET</subfield>
    <subfield code="d">2021-08-04</subfield>
    <subfield code="e">AGN</subfield>
    <subfield code="o">BPMSU CD 027.729384 D637a 2020</subfield>
    <subfield code="p">BPMSU21080008</subfield>
    <subfield code="r">2021-08-04</subfield>
    <subfield code="t">v.5</subfield>
    <subfield code="w">2021-08-04</subfield>
    <subfield code="y">BK</subfield>
  </datafield>
  <datafield tag="952" ind1=" " ind2=" ">
    <subfield code="0">0</subfield>
    <subfield code="1">0</subfield>
    <subfield code="2">ddc</subfield>
    <subfield code="4">0</subfield>
    <subfield code="7">0</subfield>
    <subfield code="8">CD</subfield>
    <subfield code="a">BPMET</subfield>
    <subfield code="b">BPMET</subfield>
    <subfield code="d">2021-08-04</subfield>
    <subfield code="e">AGN</subfield>
    <subfield code="o">BPMSU CD 027.729384 D637a 2018</subfield>
    <subfield code="p">BPMSU21100121</subfield>
    <subfield code="r">2021-10-19</subfield>
    <subfield code="t">v.3</subfield>
    <subfield code="w">2021-08-04</subfield>
    <subfield code="y">BK</subfield>
  </datafield>
  <datafield tag="952" ind1=" " ind2=" ">
    <subfield code="0">0</subfield>
    <subfield code="1">0</subfield>
    <subfield code="2">ddc</subfield>
    <subfield code="4">0</subfield>
    <subfield code="7">0</subfield>
    <subfield code="8">CD</subfield>
    <subfield code="a">BPMET</subfield>
    <subfield code="b">BPMET</subfield>
    <subfield code="d">2021-08-04</subfield>
    <subfield code="e">AGN</subfield>
    <subfield code="o">BPMSU CD 027.729384 D637a 2018</subfield>
    <subfield code="p">BPMSU21100122</subfield>
    <subfield code="r">2021-10-19</subfield>
    <subfield code="t">v.4</subfield>
    <subfield code="w">2021-08-04</subfield>
    <subfield code="y">BK</subfield>
  </datafield>
  <datafield tag="952" ind1=" " ind2=" ">
    <subfield code="0">0</subfield>
    <subfield code="1">0</subfield>
    <subfield code="2">ddc</subfield>
    <subfield code="4">0</subfield>
    <subfield code="7">0</subfield>
    <subfield code="8">CD</subfield>
    <subfield code="a">BPMET</subfield>
    <subfield code="b">BPMET</subfield>
    <subfield code="d">2021-08-04</subfield>
    <subfield code="e">AGN</subfield>
    <subfield code="l">0</subfield>
    <subfield code="o">BPMSU CD 027.729384 D637a 2020</subfield>
    <subfield code="p">BPMSU24110039</subfield>
    <subfield code="r">2024-11-20</subfield>
    <subfield code="t">v.5, e.2</subfield>
    <subfield code="w">2021-08-04</subfield>
    <subfield code="y">BK</subfield>
  </datafield>
  <datafield tag="952" ind1=" " ind2=" ">
    <subfield code="0">0</subfield>
    <subfield code="1">0</subfield>
    <subfield code="2">ddc</subfield>
    <subfield code="4">0</subfield>
    <subfield code="7">0</subfield>
    <subfield code="8">CD</subfield>
    <subfield code="a">BPMET</subfield>
    <subfield code="b">BPMET</subfield>
    <subfield code="d">2021-08-04</subfield>
    <subfield code="e">AGN</subfield>
    <subfield code="l">0</subfield>
    <subfield code="o">BPMSU CD 027.729384 D637a 2020</subfield>
    <subfield code="p">BPMSU25110125</subfield>
    <subfield code="r">2025-11-28</subfield>
    <subfield code="t">v.5, e.3</subfield>
    <subfield code="w">2021-08-04</subfield>
    <subfield code="y">BK</subfield>
  </datafield>
  <datafield tag="999" ind1=" " ind2=" ">
    <subfield code="c">13614</subfield>
    <subfield code="d">13614</subfield>
  </datafield>
</record>
